[Event "CAN-ch U14"]
[Site "Richmond Hill"]
[Date "2011.07.07"]
[Round "4"]
[White "Huang, Jayson"]
[Black "O'Neil, Michael T"]
[Result "1-0"]
[WhiteElo "1812"]
[BlackElo "1325"]
[PlyCount "137"]
[EventDate "2011.07.06"]
[EventType "swiss"]
[EventRounds "7"]
[EventCountry "CAN"]
[SourceTitle "EXT 2022"]
[Source "ChessBase"]
[SourceDate "2021.10.06"]
[SourceVersion "1"]
[SourceVersionDate "2021.10.06"]
[SourceQuality "1"]

1. e4 c5 2. Nf3 d6 3. d4 cxd4 4. Nxd4 Nf6 5. Nc3 a6 6. Be3 e5 7. Nb3 Be6 8. f3 Be7 9. Qd2 0-0 10. 0-0-0 Nc6 11. g4 b5 12. h4 Bxb3 13. axb3 Nb4 14. h5 Rc8 15. Bd3 Nxd3+ 16. Qxd3 b4 17. Nd5 Nxd5 18. Qxd5 Qc7 19. Rd2 Qc6 20. g5 Qxd5 21. Rxd5 Rc6 22. Rhd1 Rd8 23. f4 exf4 24. Bxf4 Rc5 25. Rxc5 dxc5 26. Rd5 Rxd5 27. exd5 Kf8 28. Kd2 Ke8 29. Kd3 Kd7 30. Ke4 Bd6 31. Be3 Be7 32. c4 Bf8 33. Kf5 Be7 34. Bf4 Bd8 35. g6 hxg6+ 36. hxg6 fxg6+ 37. Kxg6 Bf6 38. Bc1 Bd4 39. Kf5 Bf6 40. Ke4 Kd6 41. Bf4+ Kd7 42. Be5 Ke7 43. Kf5 Kf7 44. Bxf6 gxf6 45. d6 a5 46. d7 Ke7 47. d8Q+ Kxd8 48. Kxf6 Kd7 49. Ke5 Kc6 50. Ke6 Kb6 51. Kd6 a4 52. bxa4 Ka5 53. b3 Kb6 54. Kd5 Kc7 55. Kxc5 Kb7 56. Kxb4 Kc6 57. Kc3 Kc5 58. b4+ Kb6 59. Kd4 Kc6 60. b5+ Kb6 61. c5+ Kc7 62. a5 Kb7 63. Kd5 Kc7 64. b6+ Kb7 65. c6+ Kb8 66. a6 Ka8 67. Kd6 Kb8 68. c7+ Kc8 69. b7# 1-0